000 01072nam a22003377a 4500
001 8062
003 FISKH
005 20250820102018.0
008 250820b cb ||||| |||| 00| 0 eng d
020 _a9780375829758
040 _aFISKH
_beng
_cFISKH
_dFISKH
050 _a PZ7.B81618 A
082 _a480
100 _aBrown, Marc
245 _aArthur's classroom fib /
_cBy Marc Brown
260 _aNew York :
_bRandom House ,
_c2007.
300 _a24 unnumbered pages :
_bcolor illustrations ;
_c23 cm .
490 _aStep In To Reading
_vStep 3
505 _aF
520 _aAfter hearing about the exciting summer vacations of his classmates, Arthur decides to write an embellished version of his own summer experiences.
521 8 _a310
_bLexile estimate
521 8 _aF
_bRaz-Plus
650 _aAardvark
_vFiction
650 _aAnimals
_vFiction
650 _aHonesty
_vFiction
650 _aVacations
_vFiction
650 _aSchools
_vFiction
650 _aBrothers and sisters
_vFiction
942 _2ddc
_cBK
_n0
999 _c8062
_d8062